000 00392nam a2200169Ia 4500
005 20250423095048.0
008 250422s9999 xx 000 0 und d
020 _a9789387067608
050 _aHF 5415.1265 .G87/
100 _aGupta, Seema
245 0 _aDigital marketing
260 _aNew Delhi
260 _bMacGraw-Hill Education
260 _c2018
300 _a404 p
942 _cBK
999 _c29123
_d29123